<?xml version="1.0" encoding="UTF-8"?>
<collection xmlns="http://www.loc.gov/MARC21/slim">
 <record>
  <leader>01275nam a22002057a 4500</leader>
  <controlfield tag="001">NCT_37375</controlfield>
  <controlfield tag="008">180529b        xxu||||| |||| 00| 0 vie d</controlfield>
  <datafield tag="999" ind1=" " ind2=" ">
   <subfield code="c">1805</subfield>
   <subfield code="d">1805</subfield>
  </datafield>
  <datafield tag="020" ind1=" " ind2=" ">
   <subfield code="c">250000</subfield>
  </datafield>
  <datafield tag="082" ind1="0" ind2="4">
   <subfield code="2">23rd ed.</subfield>
   <subfield code="a">624.0218</subfield>
   <subfield code="b">K304/T.2</subfield>
  </datafield>
  <datafield tag="245" ind1="1" ind2="0">
   <subfield code="a">Tuyển tập tiêu chuẩn xây dựng của Việt Nam = </subfield>
   <subfield code="b">Proceeding of Vietnam construction standards</subfield>
   <subfield code="n">Tập II</subfield>
   <subfield code="p">Tiêu chuẩn thiết kế : Quy hoạch, khảo sát, Những vấn đề chung về thiết kế</subfield>
   <subfield code="c">Bộ Xây Dựng</subfield>
  </datafield>
  <datafield tag="250" ind1=" " ind2=" ">
   <subfield code="a">Tái bản</subfield>
  </datafield>
  <datafield tag="260" ind1=" " ind2=" ">
   <subfield code="a">H.</subfield>
   <subfield code="b">Xây dựng</subfield>
   <subfield code="c">2010</subfield>
  </datafield>
  <datafield tag="300" ind1=" " ind2=" ">
   <subfield code="a">393 tr.</subfield>
   <subfield code="b">bảng, hình vẽ</subfield>
   <subfield code="c">31cm</subfield>
  </datafield>
  <datafield tag="520" ind1="3" ind2=" ">
   <subfield code="a">Giới thiệu 37 tiêu chuẩn nhà nước về quy hoạch, khảo sát những vấn đề chung về thiết kế trong xây dựng</subfield>
  </datafield>
  <datafield tag="653" ind1=" " ind2=" ">
   <subfield code="a">Kỹ thuật công trình xây dựng</subfield>
  </datafield>
  <datafield tag="942" ind1=" " ind2=" ">
   <subfield code="2">ddc</subfield>
   <subfield code="c">BK</subfield>
  </datafield>
  <datafield tag="952" ind1=" " ind2=" ">
   <subfield code="0">0</subfield>
   <subfield code="1">0</subfield>
   <subfield code="2">ddc</subfield>
   <subfield code="4">0</subfield>
   <subfield code="6">624_021800000000000_K304_T_2</subfield>
   <subfield code="7">0</subfield>
   <subfield code="9">8999</subfield>
   <subfield code="a">000001</subfield>
   <subfield code="b">000001</subfield>
   <subfield code="d">2018-05-29</subfield>
   <subfield code="o">624.0218 K304/T.2</subfield>
   <subfield code="p">MD.11254</subfield>
   <subfield code="r">2018-05-29</subfield>
   <subfield code="v">250000.00</subfield>
   <subfield code="w">2018-05-29</subfield>
   <subfield code="y">BK</subfield>
  </datafield>
  <datafield tag="952" ind1=" " ind2=" ">
   <subfield code="0">0</subfield>
   <subfield code="1">0</subfield>
   <subfield code="2">ddc</subfield>
   <subfield code="4">0</subfield>
   <subfield code="6">624_021800000000000_K304_T_2</subfield>
   <subfield code="7">0</subfield>
   <subfield code="9">9000</subfield>
   <subfield code="a">000001</subfield>
   <subfield code="b">000001</subfield>
   <subfield code="d">2018-05-29</subfield>
   <subfield code="o">624.0218 K304/T.2</subfield>
   <subfield code="p">MD.11255</subfield>
   <subfield code="r">2018-05-29</subfield>
   <subfield code="v">250000.00</subfield>
   <subfield code="w">2018-05-29</subfield>
   <subfield code="y">BK</subfield>
  </datafield>
  <datafield tag="980" ind1=" " ind2=" ">
   <subfield code="a">Thư viện Trường Đại học Nam Cần Thơ</subfield>
  </datafield>
 </record>
</collection>
